Países más cercanos al Macedonia del Norte - Estadísticas

Estadísticas generales
  • Esta prueba ha sido intentada 106 veces
  • La puntuación promedio es 19 de 20
Estadísticas de respuestas
km país % Correcto
204 Italia
100%
0 Serbia
100%
179 Croacia
99%
0 Grecia
99%
577 Eslovenia
98%
434 Hungría
98%
79 Montenegro
98%
0 Albania
97%
0 Kosovo
97%
169 Rumania
97%
0 Bulgaria
95%
183 Bosnia y Herzegovina
94%
274 Turquía
94%
648 Eslovaquia
93%
577 Moldavia
93%
635 Austria
91%
575 Ucrania
91%
695 San Marino
86%
739 Polonia
81%
666 Ciudad del Vaticano
79%
No se encontraron pruebas coincidentes
Distribución de puntuación
Porcentaje de gente con cada puntuación
Porcentaje por número respondido
Historial de tus puntuaciones
No has intentado esta prueba.